000 00776nam a2200265Ia 4500
003 OSt
005 20220918165255.0
006 a|||||r|||| 00| 0
007 ta
008 220917b |||||||| |||| 00| 0 eng d
020 _a1856494403 (pbk)
024 _a189,301
037 _cTextual
040 _aARTS
_cARTS
_beng
041 _2eng
_aeng
082 _aXvN90<-N45, N6-;1
100 _aHopkins Terence K.
_923536
245 0 _aAge of transition
_b trajectory of the world system 1945-2025
260 _aLondon
_bZed Books
_c1996
300 _aix, 278 p.
_ccm.
650 _aECONOMICS
700 _a Wallerstein Immanuel
_922359
942 _hXvN90<-N45, N6-;1
_cTEXL
_2CC
999 _c129047
_d129047